Posúdenie kvality ovzdušia v okolí vybranej spoločnosti

Salvato in:
Dettagli Bibliografici
Autore principale: Škutová, Radoslava (Autore)
Altri autori: Soldán, Maroš (Relatore della tesi)
Natura: Manoscritto Libro
Lingua:slovacco
Pubblicazione: 2020
Soggetti:
Accesso online:http://is.stuba.sk/zp/portal_zp.pl?podrobnosti=151864
Tags: Aggiungi Tag
Nessun Tag, puoi essere il primo ad aggiungerne!!

MARC

LEADER 00000ntm a22000003a 4500
001 stuzp80159
003 SK-STU
005 20200704212538.8
007 ta
008 150427s2015----xo-----f-mn---000-0-slo-d
040 |a STU  |b slo 
041 0 |a slo 
100 1 |a Škutová, Radoslava  |u 065000  |k Z4  |4 aut  |U MTF Materiálovotechnologická fakulta  |T MTF Ústav integrovanej bezpečnosti  |X 71712  |U M5000  |Y 85  |7 71712 
242 0 1 |a Evaluation of air quality in the surroundings of selected company  |y eng 
245 1 0 |a Posúdenie kvality ovzdušia v okolí vybranej spoločnosti 
260 |c 2020 
650 4 |a meranie prašnosti  |2 slo 
650 4 |a nápravné opatrenia  |2 slo 
650 4 |a pevný aerosól  |2 slo 
650 4 |a cementársky priemysel  |2 slo 
650 4 |a imisie  |2 slo 
650 4 |a prašnosť  |2 slo 
650 4 |a dustiness  |2 eng 
650 4 |a dust measurement  |2 eng 
650 4 |a corrective measures  |2 eng 
650 4 |a solid aerosol  |2 eng 
650 4 |a cement industry  |2 eng 
650 4 |a immissions  |2 eng 
700 1 |a Soldán, Maroš  |u 065000  |k Z1  |4 ths  |U MTF Materiálovotechnologická fakulta  |T MTF Ústav integrovanej bezpečnosti  |X 2878  |U M5000  |Y 85  |7 A000002878 
856 4 |u http://is.stuba.sk/zp/portal_zp.pl?podrobnosti=151864 
996 |c M* DP-14433  |l MMSKP  |s P  |a 0  |w stuzp80159_0001